| 000 | 00995nam a2200193Ii 4500 | ||
|---|---|---|---|
| 003 | JO-AjNU | ||
| 008 | 230605s9999||||xx |||||||||||||| ||und|| | ||
| 040 |
_aJO-AjNU _bara _erda _cJO-AjNU |
||
| 041 | _aara | ||
| 050 | 1 | 4 | _aTA365.1996 |
| 100 | 3 |
_aإعداد محمد ذياب الملكاوي؛ إشراف رزق شعبان, _eauthor _952186 |
|
| 245 | 0 | 0 | _aالتصميم المعماري لقاعات المحاضرات بالتركيز على الخواص الصوتية |
| 264 | 3 | 1 | _aعمان: الجامعة الأردنية، 1996 |
| 300 |
_a170ص _bرسالة جامعية (ماجستير في التصميم المعماري)-- الجامعة الأردنية، 1996، كلية الدراسات العليا، يشتمل على المراجع الببلوغرافية ص(168-170) |
||
| 336 |
_atext _btxt _2rdacontent |
||
| 337 |
_aunmediated _bn _2rdamedia |
||
| 338 |
_avolume _bnc _2rdacarrier |
||
| 650 | 4 |
_aالجامعات والكليات -- تصاميم ومخططات _952187 |
|
| 999 |
_aA23102 _c26670 _d26670 |
||